000
00282nam a22001337a 4500
008
181017b xxu||||| |||| 00| 0 eng d
020
_a
9780073048031
041
_a
eng
080
_2
8th
_a
540
100
_a
12
101
_a
KIM
245
_a
Chemistry
_c
Chang,R
942
_2
udc
_c
BK
999
_c
50006
_d
50006